Catering: housekeeping and hotel management (Record no. 209221)
[ view plain ]
| 000 -LEADER | |
|---|---|
| fixed length control field | 00372nam a2200145Ia 4500 |
| 008 - FIXED-LENGTH DATA ELEMENTS--GENERAL INFORMATION | |
| fixed length control field | 231221s9999 xx 000 0 und d |
| 020 ## - INTERNATIONAL STANDARD BOOK NUMBER | |
| International Standard Book Number | 9790000000000 |
| 041 ## - LANGUAGE CODE | |
| Language code of text/sound track or separate title | English |
| 082 ## - DEWEY DECIMAL CLASSIFICATION NUMBER | |
| Classification number | 642.4 MET;1 R |
| 100 ## - MAIN ENTRY--PERSONAL NAME | |
| Personal name | Metti, M.C |
| 245 #0 - TITLE STATEMENT | |
| Title | Catering: housekeeping and hotel management |
| 260 ## - PUBLICATION, DISTRIBUTION, ETC. | |
| Date of publication, distribution, etc. | 2008 |
| Name of publisher, distributor, etc. | Anmol Publ. |
| Place of publication, distribution, etc. | New Delhi |
| 300 ## - PHYSICAL DESCRIPTION | |
| Extent | viii+283 |
| 942 ## - ADDED ENTRY ELEMENTS (KOHA) | |
| Koha item type | Hotel Management Library |
| Date last seen | Total checkouts | Full call number | Accession number | Cost, total (INR) price | Price effective from | Category | Lost status | Damaged status | Department | Withdrawn status | Home library | Current library | Shelving location | Entry date | Vendor | Cost, normal purchase price | Grants | Billnumber | Billdate | Currency symbol | Conversion rate | Discount | Old discount |
|---|---|---|---|---|---|---|---|---|---|---|---|---|---|---|---|---|---|---|---|---|---|---|---|
| 26/01/2024 | 642.4 MET;1 R | HM1416 | 640.00 | 26/01/2024 | Hotel Management Library | HEM | Central Library | Central Library | HM | BB Books | 800.00 | HM | 118 | 14/04/2012 | RS | 1 | 160 | 20 |
